[Event "Budapest op 1st"]
[Site "Budapest"]
[Date "2011.08.24"]
[Round "5"]
[White "Sarkozi, Ferenc"]
[Black "Moharos, Viktor"]
[Result "1-0"]
[WhiteElo "1939"]
[BlackElo "1523"]
[PlyCount "68"]
[EventDate "2011.08.20"]
[EventType "swiss"]
[EventRounds "9"]
[EventCountry "HUN"]
[SourceTitle "EXT 2022"]
[Source "ChessBase"]
[SourceDate "2021.10.06"]
[SourceVersion "1"]
[SourceVersionDate "2021.10.06"]
[SourceQuality "1"]

1. e4 e6 2. d4 b6 3. c4 Bb7 4. f3 Bb4+ 5. Nc3 Ne7 6. Nge2 Ng6 7. Bd2 Bd6 8. Qc2 Nc6 9. Nb5 Nce7 10. e5 a6 11. exd6 axb5 12. dxe7 Qxe7 13. cxb5 Rc8 14. Bc3 Bd5 15. Qd2 Nh4 16. Qf4 g5 17. Qg3 f5 18. f4 Rg8 19. fxg5 Ng6 20. h4 d6 21. Nf4 Nxf4 22. Qxf4 Kd7 23. a3 Rce8 24. 0-0-0 Qf7 25. Qf2 Be4 26. Bd3 Bd5 27. Rhg1 Rgf8 28. Be2 Be4 29. Bf3 Qg6 30. Qe3 h6 31. gxh6 Qg3 32. Qg5 Qf2 33. Qd2 Qxh4 34. Rh1 Qf6 1-0